000 01354nam a2200373 i 4500
001 79701
003 FINmELB
005 20241217151708.0
006 m o u
007 cr cn|||||||||
008 220829s2021 sp a o 000 0 spa d
020 _a9788441544192
_q(e-book)
020 _z9788441543874
_q(impreso)
035 _a(OCoLC)1345546042
040 _aFINmELB
_bspa
_erda
_cFINmELB
050 4 _aTX770.P58
_bM377 2021
080 _a664.66(083.12)
082 0 4 _a641.824
_23
100 1 _aMarquina, Jesús,
_c"Marquinetti",
_eautor.
245 1 3 _aLa pizza es alta cocina /
_cJesús Marquina.
264 1 _aMadrid :
_bOberon,
_c[2021]
264 4 _c©2021
300 _a1 recurso en línea (261 páginas) :
_bilustraciones (color)
336 _atexto
_btxt
_2rdacontent/spa
337 _acomputadora
_bc
_2rdamedia/spa
338 _arecurso en línea
_bcr
_2rdacarrier/spa
588 _aDescripción basada en metadatos suministrados por el editor y otras fuentes.
590 _aRecurso electrónico. Santa Fe, Arg.: elibro, 2022. Disponible vía World Wide Web. El acceso puede estar limitado para las bibliotecas afiliadas a elibro.
650 4 _aPizzas
_vRecetas.
655 4 _aLibros electrónicos.
655 4 _aRecetas.
797 2 _aelibro, Corp.
856 4 0 _uhttps://elibro.net/ereader/politecnicointernacional/215494
999 _c79701
_d79701